000 00636nam a2200205Ia 4500
003 GCL
008 140319s9999 xx 000 0 ara d
040 _aGCL /
_cGCL
082 0 4 _a956.7
_bا د
100 1 _aمحمد بيومى مهران
245 1 0 _aتاريخ العراق القديم /
_cمحمد بيومى مهران
300 _a517 ص
490 _aمصر و الشرق الادنى القديم
_v0
650 0 4 _aتاريخ
650 0 4 _aالبابليون
650 0 4 _aالاشوريون
650 0 4 _aحضارة العراق القديمة
650 0 4 _aالعراق القديم - تاريخ
942 _2ddc
_cBK
999 _c41415
_d41415